Austragungsländer der Olympischen Spiele - Sudden Death - Statistiken

Allgemein
  • Dieses Quiz wurde 237 mal gespielt
  • Das Durchschnittsergebnis liegt bei 16 aus 24
Answers on the Grid
Answers color-coded by a green-red scale on the quiz's grid according to % correct below.
Afganistan
Argentinien
Australien
Österreich
Bahamas
Belgium
Brasilien
Bulgarien
Kamerun
Kanada
China
Kolumbien
Kroatien
Tschechien
Ägypten
Finnland
Frankreich
Georgien
Deutschland
Griechenland
Ungarn
Indien
Iran
Irland
Italien
Japan
Mexiko
Marokko
Niederlande
Neuseeland
Nord Korea
Norwegen
Panama
Portugal
Katar
Rumänien
Russland
Saudi Arabien
Südafrika
Süd Korea
Sowietunion
Spanien
Schweden
Schweiz
Türkei
Ukraine
Vereinigte Arabische Emirate
Vereinigtes Königreich
Vereinigte Staaten
Jugoslawien
 
Antwortstatistiken
Antwort % Korrekt
Frankreich
89%
Deutschland
88%
Italien
84%
Brasilien
81%
Japan
80%
China
79%
Griechenland
79%
Australien
77%
Vereinigte Staaten
77%
Vereinigtes Königreich
74%
Russland
73%
Kanada
69%
Sowietunion
63%
Spanien
62%
Mexiko
61%
Süd Korea
61%
Österreich
59%
Norwegen
58%
Niederlande
55%
Schweden
53%
Schweiz
51%
Jugoslawien
47%
Finnland
43%
Belgium
39%
Keine übereinstimmenden Quizze gefunden
Verteilung der Resultate
Anzahl Personen mit jedem Resultat
Perzentil nach korrekt beantworteten Fragen
Ihre Resultats-Entwicklung
Sie haben dieses Quiz noch nicht gespielt